000
00312nam a2200133Ia 4500
005
20260328104335.0
008
260328s9999||||xx |||||||||||||| ||und||
100
_a
Grayson, James
245
4
_a
The New Wood House /
_c
James Grayson
260
_b
Bulfinch
300
_a
172 p.
650
_a
PLANOS
942
_c
BK
999
_c
11852
_d
11852